English Phonetics for Indian Students / (Record no. 26582)

000 -LEADER
fixed length control field 00481 a2200157 4500
008 - FIXED-LENGTH DATA ELEMENTS--GENERAL INFORMATION
fixed length control field 230617b ||||| |||| 00| 0 eng d
020 ## - INTERNATIONAL STANDARD BOOK NUMBER
International Standard Book Number 9789380644943
Terms of availability Rs.259.00
082 00 - DEWEY DECIMAL CLASSIFICATION NUMBER
Classification number 421.55
Item number B1718
100 ## - MAIN ENTRY--PERSONAL NAME
Personal name Balasubramanian, T.
245 ## - TITLE STATEMENT
Title English Phonetics for Indian Students /
250 ## - EDITION STATEMENT
Edition statement 3rd ed.
260 ## - PUBLICATION, DISTRIBUTION, ETC. (IMPRINT)
Place of publication, distribution, etc New Delhi:
Name of publisher, distributor, etc Laxmi Publications Pvt. Ltd.
Date of publication, distribution, etc 2022.
300 ## - PHYSICAL DESCRIPTION
Extent v, 242 p. :
Other physical details ill. ;
Dimensions 22 cm.
650 #0 - SUBJECT ADDED ENTRY--TOPICAL TERM
Topical term or geographic name as entry element English Phonetics
942 ## - ADDED ENTRY ELEMENTS (KOHA)
Source of classification or shelving scheme
Item type Books
Holdings
Withdrawn status Lost status Source of classification or shelving scheme Damaged status Not for loan Permanent location Current location Shelving location Date acquired Source of acquisition Cost, normal purchase price Full call number Barcode Date last seen Cost, replacement price Koha item type Total Checkouts Date last borrowed
          IMU Kolkata IMU Kolkata Reference 2023-06-17 4 194.12 421.55 B1718 13931 2023-06-17 259.00 Books    
          IMU Kolkata IMU Kolkata   2023-06-17 4 194.12 421.55 B1718 13932 2023-06-17 259.00 Books    
          IMU Kolkata IMU Kolkata   2023-06-17 4 194.12 421.55 B1718 13933 2023-06-17 259.00 Books    
          IMU Kolkata IMU Kolkata   2023-06-17 4 194.12 421.55 B1718 13934 2023-06-17 259.00 Books    
          IMU Kolkata IMU Kolkata   2023-06-17 4 194.12 421.55 B1718 13935 2023-06-17 259.00 Books    
          IMU Kolkata IMU Kolkata   2023-06-17 4 194.12 421.55 B1718 13936 2025-03-26 259.00 Books 1 2025-03-26
          IMU Kolkata IMU Kolkata   2023-06-17 4 194.12 421.55 B1718 13937 2023-06-17 259.00 Books    
          IMU Kolkata IMU Kolkata   2023-06-17 4 194.12 421.55 B1718 13938 2023-06-17 259.00 Books    
          IMU Kolkata IMU Kolkata   2023-06-17 4 194.12 421.55 B1718 13939 2023-06-17 259.00 Books    
          IMU Kolkata IMU Kolkata   2023-06-17 4 194.12 421.55 B1718 13940 2023-06-17 259.00 Books    
Designed and Maintained by IMU-KC Library, Kolkata Campus © Copyright All Rights Reserved

webs counters

Powered by Koha